000
00288nam a22001337a 4500
008
171201b xxu||||| |||| 00| 0 eng d
020
_a
2900205778768
041
_a
eng
080
_a
32
100
_a
20
101
_a
POL
245
_a
INTERNATIONAL POLITICS
_c
ART,R.J
942
_2
udc
_c
BK
999
_c
38653
_d
38653